O microssistema de autocomposiȯ̂

Detalles Bibliográficos
Autor principal: Antunes Carlos, Helio
Formato: eBook
Lenguaje:portugués
Publicado: Rio de Janeiro: Editora Processo, 2021
Materias:
Acceso en línea:Acceso restringido

MARC

LEADER 00000nam a22000007a 4500
005 20220817004018.0
007 cr|||| ||||
008 220817s2021 br |||||s|||| 00||0 por d
020 |a 978-85-93741-94-4 
035 |a 36833 
040 |a vLex 
090 |c 13711  |d 13711 
100 1 |a Antunes Carlos, Helio 
245 1 1 |a O microssistema de autocomposiȯ̂  |h [Recurso electrn̤ico] /  |c Helio Antunes Carlos 
256 |a Servicio en ln̕ea 
260 |a Rio de Janeiro:  |b Editora Processo,  |c 2021 
300 |a 1 recurso electrn̤ico 
500 |a A presente obra tem como foco central o Microssistema de Autocomposiȯ̂, considerado enquanto subsistema de um Macrossistema de Tratamento de Conflitos, ou seja, nem a Autocomposiȯ̂, nem a Heterocomposiȯ̂, nem a Autotutela sô vistas de formas isoladas, mas em perspectivas relacionais entre si, o que permite, em l︢tima anl̀ise, a importaȯ̂ e o dil̀ogo de tčnicas processuais, alm̌ da customizaȯ̂ do tratamento do conflito. O estudo da autocomposiȯ̂ ̌realizado em seus aspectos prt̀icos e ter̤icos, como forma de permitir ao leitor nô apenas a compreensô, mas tambm̌ a aplicaȯ̂ das tčnicas abordadas na obra. O livro nô se dedica apenas ̉anl̀ise do conflito aparente de normas entre CPC/2015, Lei de Mediaȯ̂ e Resoluȯ̂ CNJ n.ð 125, haja vista o Microssistema de Autocomposiȯ̂ ser visto como um sistema cognitivamente aberto composto por aqueles diplomas normativos, bem como pelo Cd̤igo Civil de 2002, pela CLT, pela Lei 9.099/95, pelo Cd̤igo de Defesa do Consumidor, dentre outras normas. Ademais, o livro explica como compreender os aportes que autocomposiȯ̂ recebe das outras cin̊cias, como, v.g., a sociologia, psicologia e a matemt̀ica. Destaque-se que o presente livro tem a pretensô de fazer o leitor conhecer o passado, compreender o presente e inaugurar algumas projeė̳s futuras na temt̀ica. 
506 1 |a Disponible solo en los productos indicados  |d vLex Global  |d vLex Global (Academic Edition, excluding Law Schools)  |d vLex Global (U.S. Academic Edition, Law Schools)  |d vLex Global (U.S. Academic Edition, excluding Law Schools)  |d vLex Global (Academic Edition, Law Schools) 
650 0 4 |a Derecho Procesal  |z Brasil 
650 0 4 |a Procedimiento Civil  |z Brasil 
740 0 |a vLex Libros (Servicio en ln̕ea) 
856 4 0 |u https://app.vlex.com/#/sources/36833  |z Acceso restringido 
942 |c BOOK 
999 0 |a Procedural Law 
999 0 |a Civil Procedure